Дробовые центробежные муфты: типовые конструкции, пути улучшения рабочих характеристик; Прогрессивные технологии и экономика в машиностроении; Т. 1

Bibliographic Details
Parent link:Прогрессивные технологии и экономика в машиностроении: труды III Всероссийской научно-практической конференции, 19-21 мая 2005 года, Юрга/ Томский политехнический университет ; под ред. О. Ю. Ретюнского.— , 2005
Т. 1.— 2005.— С. 78-79
Main Author: Коперчук А. В. Александр Викторович
Other Authors: Мурин А. В. Алексей Викентьевич, Логвинова Н. А. Наталья Александровна
Language:Russian
Published: 2005
Subjects:
Format: Book Chapter
KOHA link:https://koha.lib.tpu.ru/cgi-bin/koha/opac-detail.pl?biblionumber=129949

MARC

LEADER 00000naa2a2200000 4500
001 129949
005 20251203153911.0
035 |a (RuTPU)RU\TPU\book\140712 
090 |a 129949 
100 |a 20080129d2005 k y0rusy50 ca 
101 0 |a rus 
102 |a RU 
200 1 |a Дробовые центробежные муфты: типовые конструкции, пути улучшения рабочих характеристик  |f А. В. Коперчук, А. В. Мурин, Н. А. Логвинова 
320 |a Библиогр.: 2 назв. 
461 1 |0 (RuTPU)RU\TPU\book\118979  |t Прогрессивные технологии и экономика в машиностроении  |o труды III Всероссийской научно-практической конференции, 19-21 мая 2005 года, Юрга  |o в 2 т.  |f Томский политехнический университет ; под ред. О. Ю. Ретюнского  |d 2005 
463 0 |0 (RuTPU)RU\TPU\book\118372  |t Т. 1  |v С. 78-79  |d 2005 
610 1 |a муфты 
610 1 |a центробежные муфты 
610 1 |a дробовые муфты 
610 1 |a типовые конструкции 
610 1 |a валы 
610 1 |a автоматические соединения 
610 1 |a вращение 
610 1 |a труды учёных ТПУ 
700 1 |a Коперчук  |b А. В.  |c российский учёный в области механики и инженерной графики  |c старший преподаватель Юргинского технологического института (филиал) Томского политехнического университета  |g Александр Викторович  |3 (RuTPU)RU\TPU\pers\27451 
701 1 |a Мурин  |b А. В.  |c специалист в области машиностроения  |c доцент Томского политехнического университета, кандидат технических наук  |f 1930-  |g Алексей Викентьевич  |3 (RuTPU)RU\TPU\pers\25107 
701 1 |a Логвинова  |b Н. А.  |c специалист в области инженерной графики  |c старший преподаватель Юргинского технологического института Томского политехнического университета  |c выпускница Томского политехнического университета  |f 1970-  |g Наталья Александровна  |3 (RuTPU)RU\TPU\pers\24505  |9 10824 
801 1 |a RU  |b 63413507  |c 20080129  |g PSBO 
801 2 |a RU  |b 63413507  |c 20130711  |g RCR 
942 |c BK